Avrupa Birliği hukuku ve ekonomi politikası çerçevesinde müzakareler (Record no. 7487)

MARC details
000 -BAŞLIK
Sabit Uzunlukta Kontrol Alanı 00800na a2200253 4500
001 - KONTROL NUMARASI
Denetim Alanı 16944
003 - KONTROL NUMARASI IDENTIFIER
Denetim Alanı MIRAKIL
005 - SON İŞLEM TARİHİ VE ZAMANI
Denetim Alanı 20181213155140.0
008 - SABİT-BOY VERİ ELEMANLARI - GENEL BİLGİLER
Sabit Uzunlukta Kontrol Alanı 161018b tu 000 0
020 ## - ULUSLARARASI STANDART KİTAP NUMARASI
Uluslararası Standart Kitap Numarası 9786055614812
035 ## - SİSTEM KONTROL NUMARASI
Sistem Kontrol Numarası 16944
040 ## - KATALOGLAMA KAYNAK
Orijinal Kataloglama Ajansı Milas
Kataloglama Dili tur
Metne Dönüştürmek Ajansı TR-AnCHP
041 ## - DİL KODU
Metin / Ses Parça Veya Ayrı Başlığın Dil Kodu tur
082 ## - DEWEY ONLU SINIFLANDIRMA NUMARASI
Sınıflandırma Numarası 341.37
Ürün Numarası D35a 2011
090 ## - SINIFLAMA NUMARASI
Sınıflama Numarası 341.37 D35a 2011
100 ## - ANA GİRİŞ - KİŞİSEL İSİM
Kişisel Ad Demirbulak, Selçuk
245 ## - BAŞLIK TABLOSU
Başlık Avrupa Birliği hukuku ve ekonomi politikası çerçevesinde müzakareler
Sorumluluk Tablosu, Vb Selçuk Demirbulak
260 ## - YAYIN, DAĞITIM, VB
Yayın, Dağıtım, Vb Yeri Ankara
Yayıncı, Dağıtıcı, Vs Adı Türkiye Barolar Birliği
Yayın, Dağıtım, Vb Tarihi 2011
300 ## - FİZİKSEL TANIM
Kapsam 136 s.
Boyutlar 24 sm.
490 ## - SERİSİ TABLOSU
Seri Beyanı Türkiye Barolar Birliği yayınları
Hacim / Ardışık Tanımı 193
610 ## - KONU KATMA GİRİŞ - TOPLANTI ADI
Giriş Elemanı Olarak Kurumsal Ad Veya Yargı Alanı Adı Avrupa Birliği
Genel Alt Bölüm Hukuk
Kronolojik Alt Bölüm Anlaşmalar
Coğrafi Alt Bölüm Ekonomi politkaları
650 ## - KONU KATMA GİRİŞ - TOPİKAL DÖNEM
Topikal Süreli Veya Coğrafi Ad Giriş Elemanı Topluluk politikaları
Genel Alt Bölümü Anlaşmalar
Coğrafi Alt Bölümü Avrupa
942 ## - EKLENDİ GİRİŞ ELEMANLARI (KOHA)
Sınıflandırma Veya Raf Düzeni Kaynak Dewey Decimal Classification
Koha Öğesi Türü Books
999 ## - SİSTEM KONTROL NUMARALARI (KOHA)
Koha Biblionumber 7487
Koha Biblioitemnumber 7487
Holdings
Kalıcı Konum Mevcut Konum Edinme Tarihi Edinim Kaynak Toplam Check-Out'Lar Tam Çağrı Numarası Barkod Tarih Son Görülme İtibaren Geçerli Fiyatlar Koha Öğesi Türü Kopya Sayısı
CHP Kütüphanesi CHP Kütüphanesi 10/18/2016 Bağış   341.37 D35a 2011 005412 10/18/2016 10/18/2016 Books  
CHP Kütüphanesi CHP Kütüphanesi 11/18/2016 Bağış   341.37 D35a 2011 008762 11/18/2016 11/18/2016 Books k.3
CHP Kütüphanesi CHP Kütüphanesi 11/15/2016 Bağış   341.37 D35a 2011 009472 11/15/2016 11/15/2016 Books k.2